000 00754nam a2200241 i 4500
001 88793
003 ES-MaACL
005 20230906175933.0
007 t|
008 041210s1988 sp ||||1| spa d
020 _a84-7166-622-7
080 _a1(089.3)
100 1 _aNietzsche, Friedrich,
_d1844-1900
_985718
245 1 0 _aHumano, demasiado humano /
_cNietzsche ; prólogo y cronología de Dolores Castrillo Mirat.
260 _aMadrid :
_bEdaf,
_c[1988]
300 _a311 p. ;
_c18 cm.
490 1 _aBiblioteca Edaf ;
_v123
650 1 4 _aFilosofía-
_vMáximas y aforismos.
_912817
700 1 _aCastrillo Mirat, Dolores.
_936820
830 0 _aBiblioteca Edaf ;
_v123
_9179778
852 _aES-MaACL
_jE-10639
_bR.134750
999 _c88793
_d88793